| 000 | nam a22 a 4500 | ||
|---|---|---|---|
| 999 |
_c4693 _d4693 |
||
| 003 | AKMAL | ||
| 005 | 20170728111846.0 | ||
| 008 | 170728s2017 my | e l 000 0 may d | ||
| 020 | _cRM28.00 | ||
| 082 | 0 | 4 |
_a341.73509595 MAL _222 |
| 090 | 0 | 0 |
_a341.73509595 _bMAL |
| 110 | 1 |
_aMalaysia _9400 |
|
| 245 | 1 | 0 |
_aAkta Konvensyen Senjata Kimia 2005 (Akta 641) : _bsemua pindaan hingga 2005 = Chemical Weapon Convention Act (641 Act) : all amendments up to 2005 / _cdisusun semula oleh Penasihat Undang-undang MDC |
| 246 | 3 | 1 |
_aChemical Weapon Convention Act : _ball amendments up to 2005 |
| 260 |
_aKuala Lumpur : _bMDC Publishers, _c2017 |
||
| 300 |
_avi, 72p. ; _c27cm. |
||
| 490 | 1 | _aUndang-undang Malaysia | |
| 546 | _aTeks sejajar bahasa Malaysia dan Inggeris | ||
| 650 | 1 | 0 |
_aChemical weapons _zMalaysia _99006 |
| 650 | 2 | 0 |
_aChemical warfare (International Law) _99007 |
| 710 | 2 |
_aPenasihat Undang-Undang MDC _9405 |
|
| 830 | 0 |
_aUNDANG-UNDANG MALAYSIA _99008 |
|
| 942 |
_2ddc _cBOOK |
||
| 950 | _lAKMAL | ||